| 000 | 01600nam a22002777a 4500 | ||
|---|---|---|---|
| 001 | 4819 | ||
| 003 | FISKH | ||
| 005 | 20241016141122.0 | ||
| 008 | 241016b cb ||||| |||| 00| 0 eng d | ||
| 020 | _a9780871233202 | ||
| 040 |
_aFISKH _beng _cFISKH _dFISKH |
||
| 050 | _aPZ7.L556 | ||
| 082 | _a813 | ||
| 100 | _aLeppard, Lois Gladys | ||
| 245 |
_aMandie and the Secret Tunnel / _cby Lois Gladys Leppard |
||
| 260 |
_aBoston : _bBethany House Publishers ; _c1983 . |
||
| 300 |
_a141 pages : _billustrations ; _c19 cm . |
||
| 490 |
_aMandie Mysteries _vBook 1 |
||
| 505 | _aR | ||
| 520 | _aWhen 11-year-old Mandie Shaw's father dies, her life reaches a low point. Unwanted by a mother who has never loved her, the only things she looks forward to are visits from the man she calls "Uncle Ned"-a full-blooded Cherokee Indian. Longing for a home where she will be truly loved, Mandie seeks out family she has never met. After a perilous journey, she finds herself in the middle of luxury she can scarcely believe-and a mystery that will take all her brains and courage to solve. With turn-of-the-century North Carolina as her backdrop, Lois Leppard explores issues of race, religion, and family in this novel of a young girl's search to unravel the mystery of her identity. Kate Forbes' narration brilliantly brings life to the colorful characters and many twists Mandie encounters in this first book of a best-selling inspirational series. | ||
| 521 | 8 |
_a760
_bLexile |
|
| 521 | 8 |
_aR
_bRaz-Plus |
|
| 650 |
_aNorth Carolina _vfiction |
||
| 942 |
_2ddc _cBK _n0 |
||
| 999 |
_c4819 _d4819 |
||